000 00429nam a2200181Ia 4500
001 10001
005 20260306161759.0
008 260306t1999||||xx |||||||||||||| ||spa||
041 _aESP
082 _aPE 869.56
_bN94
100 _aNuñez del Prado Villegas, Hugo
_eAUT
245 0 _aPoesía completa
260 _c1999
300 _a459 páginas :
_c22 cm.
650 _aGEN
654 _aCHU
942 _cLIB
_dJUS
_fJUS
_2ddc
_n
999 _c10001
_d10001